Student problem manual for use with fundamentals of corporate finance (Record no. 42847)

MARC details
000 -LEADER
fixed length control field 00431nam a2200169Ia 4500
020 ## - INTERNATIONAL STANDARD BOOK NUMBER
ISBN 0072313013
050 ## - CALL MARK
Classification number HG 4026 .R677/
245 #0 - TITLE STATEMENT
Title Student problem manual for use with fundamentals of corporate finance
260 ## - PUBLICATION, DISTRIBUTION, ETC. (IMPRINT)
Place of publication Boston
260 ## - PUBLICATION, DISTRIBUTION, ETC. (IMPRINT)
Name of publisher McGraw- Hill book company
260 ## - PUBLICATION, DISTRIBUTION, ETC. (IMPRINT)
Year of publication 2000
300 ## - PHYSICAL DESCRIPTION
Number of Pages 306 p
650 ## - SUBJECT ADDED ENTRY--TOPICAL TERM
Topical Term Boston
942 ## - ADDED ENTRY ELEMENTS (KOHA)
Koha item type Books
Holdings
Withdrawn status Lost status Source of classification or shelving scheme Damaged status Not for loan Permanent Location Current Location Shelving location Date acquired Accession Number Price effective from Koha item type
    Library of Congress Classification     NILE UNIVERSITY OF NIGERIA - MAIN LIBRARY NILE UNIVERSITY OF NIGERIA - MAIN LIBRARY Items on shelf 06/03/2025 0011903 06/03/2025 Books